000 00761nam a22002057a 4500
005 20100726113325.0
010 _aENG-96813
020 _a9788187496847
_c250.00
035 _aEN-80346
037 _bDBAD/PUB
082 _a355.425
100 _aGuevara, Ernesto Che
_91357
245 _aGuerrilla warfare /
_cby Ernesto Che Guevara ; foreword by harry ' Pombo' villegas
260 _aNew Delhi
_bleft word books
_c2008
270 _a12 Rajendra Prasad Road
_e110001
_bNew Delhi
300 _axiii, 157 p
_c21 cm. (pbk)
700 _aHarry pombo villegas
_91395
942 _2ddc
_cEN
_h355.425
_mGUE
999 _c37644
_d37644